000 00290nam a22001337a 4500
008 170602b xxu||||| |||| 00| 0 eng d
020 _a9780130167200
041 _aeng
080 _23RD
_a94
100 _a17
101 _aSHH
245 _aFAMILY, THERAPY
_cGLADDING,ST
942 _2udc
_cBK
999 _c15655
_d15655